विज्ञानं कथा कोश / खंड -1-3 (Record no. 199619)
[ view plain ]
| 000 -LEADER | |
|---|---|
| fixed length control field | 01066nam a22002537a 4500 |
| 005 - DATE AND TIME OF LATEST TRANSACTION | |
| control field | 20231214153014.0 |
| 010 ## - LCCN (DPL NO) | |
| LC control number | HIN-126528 HIN-126565-66 |
| 020 ## - INTERNATIONAL STANDARD BOOK NUMBER | |
| International Standard Book Number | 9789386752291(vOL-1-3) |
| Terms of availability | 1500.00(vol1-3) |
| 035 ## - SYSTEM CONTROL NUMBER | |
| System control number | HN-98874 |
| 035 ## - SYSTEM CONTROL NUMBER | |
| System control number | HN-98912 |
| 035 ## - SYSTEM CONTROL NUMBER | |
| System control number | HN-98911 |
| 037 ## - SOURCE OF ACQUISITION | |
| Source of stock number/acquisition | DBAD/PUB |
| 082 ## - DEWEY DECIMAL CLASSIFICATION NUMBER | |
| Classification number | क |
| 100 ## - MAIN ENTRY--PERSONAL NAME | |
| Personal name | चौबे संतोष |
| 245 ## - TITLE STATEMENT | |
| Title | विज्ञानं कथा कोश / खंड -1-3 |
| Statement of responsibility, etc | चौबे संतोष |
| 250 ## - EDITION STATEMENT | |
| Edition statement | 1 |
| 260 ## - PUBLICATION, DISTRIBUTION, ETC. (IMPRINT) | |
| Place of publication, distribution, etc | भोपाल |
| Name of publisher, distributor, etc | आईसेक्ट पब्लिकेशन |
| Date of publication, distribution, etc | 2022 |
| 270 ## - ADDRESS | |
| Address | ई-7/2, एसबीआई, अरेरा कॉलोनी , |
| City | भोपाल |
| Postal code | 462016 |
| 300 ## - PHYSICAL DESCRIPTION | |
| Extent | 200पृष्ठ(vol-1), 176पृष्ठ(vol-2), 254पृष्ठ(vol-3) |
| Dimensions | 23(अजिल्द) |
| 490 ## - SERIES STATEMENT | |
| Volume number/sequential designation | Vol-1-3 |
| 710 ## - ADDED ENTRY--CORPORATE NAME | |
| Corporate name or jurisdiction name as entry element | चौबे संतोष |
| Relator term | प्रधान संपादक |
| 9 (RLIN) | 59780 |
| 710 ## - ADDED ENTRY--CORPORATE NAME | |
| Corporate name or jurisdiction name as entry element | प्रसाद शुक्रदेव |
| Relator term | संपादक |
| 9 (RLIN) | 59781 |
| 942 ## - ADDED ENTRY ELEMENTS (KOHA) | |
| Item type | Hindi Books |
| Classification part | क |
| Source of classification or shelving scheme | Dewey Decimal Classification |
| Call number suffix | चौबेसं |
| Withdrawn status | Lost status | Materials specified (bound volume or other part) | Not for loan | Collection code | Home library | Current library | Date acquired | Source of acquisition | Cost, normal purchase price | Full call number | Barcode | Copy number | Cost, replacement price | Koha item type |
|---|---|---|---|---|---|---|---|---|---|---|---|---|---|---|
| VOL-1 | Fiction | Vinoba Puri | Vinoba Puri | 12/12/2023 | DBAD/PUB | 500.00 | क चौबेसं | HN-98874 | 1 | 500.00 | Hindi Books | |||
| VOL-2 | Non-fiction | Vinoba Puri | Vinoba Puri | 14/12/2023 | DBAD/PUB | 500.00 | क चौबेसं | HN-98912 | 1 | 500.00 | Hindi Books | |||
| VOL-3 | Non-fiction | Vinoba Puri | Vinoba Puri | 14/12/2023 | DBAD/PUB | 500.00 | क चौबेसं | HN-98911 | 1 | 500.00 | Hindi Books |
